00455 a2200145 4500001000700000003000400007005001700011008004100028082001600069100002400085245006400109260002400173300001000197653010200207068613OSt20220308143338.0  a333.7bP31E1 aPearson, Charles S.1 aEconomics and the global environmentcby Charles S. Pearson aUKbCambridgec2000 a583p. aEnvironmental economics; Sustainable development; Environmental policy--International cooperation